000 00507nam a2200181Ia 4500
008 240729s9999 xx 000 0 und d
022 _a2090-1844
245 0 _aPulmonary Medicine
260 _aUnited Kingdom
260 _bHindawi Limited
650 _a Diseases of the respiratory system
650 _a Internal medicine
650 _a Specialties of internal medicine
650 _aMedicine
856 _uhttps://doaj.org/toc/463ac6ea5c8247f2898c4a8889a3c34c
942 _2ddc
942 _cDOAJEJ
999 _c71699
_d71699
945 _a1
_bMadushi Gamage
_c1
_dMadushi Gamage